书目信息 |
| 题名: |
(全新版)大学英语综合教程全程导读
|
|
| 作者: | 卢小军 主编 | |
| 分册: | 第3册 | |
| 出版信息: | 上海 上海世界图书出版公司 2005.01 |
|
| 页数: | 295页 | |
| 开本: | 24cm | |
| 丛书名: | ||
| 单 册: | ||
| 中图分类: | H31 | |
| 科图分类: | ||
| 主题词: | 英语--ying yu--高等学校--教学参考资料 | |
| 电子资源: | ||
| ISBN: | 7-5062-6774-8 | |
| 000 | 00988nam0 2200229 450 | |
| 001 | 012006013683 | |
| 005 | 20060914152859.09 | |
| 010 | @a7-5062-6774-8@dCNY25.00 | |
| 100 | @a20060716d2005 km y0chiy0120 ea | |
| 101 | 0 | @achi@aeng |
| 102 | @aCN@b310000 | |
| 105 | @ay z 000yy | |
| 200 | 1 | @a(全新版)大学英语综合教程全程导读@A(quan xin ban)da xue ying yu zong he jiao cheng quan cheng dao du@h第3册@d= College English a Guide to Integrated Course. 3@f卢小军主编@Flu xiao jun zhu bian@zeng |
| 210 | @a上海@c上海世界图书出版公司@d2005.01 | |
| 215 | @a295页@d24cm | |
| 330 | @a本书为(全新版)大学英语综合教程全程导读的第3册,由八个单元组成,每个单元由九大板块构成,每个板块包括重点词汇、课文精讲、技巧点滴、特色追击、实战演练、答案六个栏目。 | |
| 510 | 1 | @aCollege English a Guide to Integrated Course. 3@zeng |
| 606 | 0 | @a英语@Aying yu@x高等学校@j教学参考资料 |
| 690 | @aH31@v4 | |
| 701 | 0 | @a卢小军@Alu xiao jun@4主编 |
| 801 | 0 | @aCN@bQSSK@c20060914 |
| 905 | @apdsgxy@dH31@eL792:3 | |
| (全新版)大学英语综合教程全程导读.第3册= College English a Guide to Integrated Course. 3/卢小军主编.-上海:上海世界图书出版公司,2005.01 |
| 295页;24cm |
| ISBN 7-5062-6774-8:CNY25.00 |
| 本书为(全新版)大学英语综合教程全程导读的第3册,由八个单元组成,每个单元由九大板块构成,每个板块包括重点词汇、课文精讲、技巧点滴、特色追击、实战演练、答案六个栏目。 |
| ● |
| 相关链接 |
|
|
|
正题名:(全新版)大学英语综合教程全程导读
索取号:H31/L792:3
 
预约/预借
| 序号 | 登录号 | 条形码 | 馆藏地/架位号 | 状态 | 备注 |
| 1 | 596575 | 205965758 | 社科二线400B/400B社科库 7排2列1层/ [索取号:H31/L792:3] | 在馆 | |
| 2 | 596576 | 205965767 | 社科二线400B/400B社科库 9排3列4层/ [索取号:H31/L792:3] | 在馆 | |
| 3 | 596577 | 205965776 | 语言库209/504自科库 46排6列3层/ [索取号:H31/L792:3] | 在馆 | |
| 4 | 596578 | 205965785 | 社科二线400B/400B社科库 7排2列1层/ [索取号:H31/L792:3] | 在馆 | |
| 5 | 596579 | 205965794 | 社科二线400B/400B社科库 7排1列1层/ [索取号:H31/L792:3] | 在馆 | |
| 6 | 596580 | 205965801 | 社科二线400B/400B社科库 9排2列1层/ [索取号:H31/L792:3] | 在馆 | |
| 7 | 596581 | 205965810 | 社科二线400B/400B社科库 7排3列1层/ [索取号:H31/L792:3] | 在馆 | |
| 8 | 596582 | 205965829 | 社科二线400B/400B社科库 7排3列1层/ [索取号:H31/L792:3] | 在馆 | |
| 9 | 596583 | 205965838 | 社科二线400B/400B社科库 7排2列1层/ [索取号:H31/L792:3] | 在馆 | |
| 10 | 596584 | 205965847 | 社科二线400B/400B社科库 9排2列1层/ [索取号:H31/L792:3] | 在馆 |